000 00817nam a2200265 i 4500
001 bg
100 1 _aSTRZELECKI, Tadeusz Jan.
245 1 0 _aProjektowanie systemów zarządzania /
_cTadeusz J. Strzelecki.
260 _aWarszawa :
_bOficyna Wydawnicza Politechniki Warszawskiej,
_c2000.
300 _a275 s. :
_bil. ;
_c24 cm.
490 1 _aZarządzanie, Marketing
504 _aBibliogr.
650 9 _aPrzedsiębiorstwo
_xorganizacja
650 9 _aZarządzanie
655 _aPodręczniki akademickie
830 _aZarządzanie, Marketing
020 _a8372071985
040 _cBPK
041 0 _apl
080 _a658.1/.5.012.4(075.8)
920 _a83-7207-198-5
942 _cKS
008 s pl f |000 0 pol
999 _c39617
_d39617
856 _uhttp://koha.tu.koszalin.pl/cgi-bin/koha/opac-detail.pl?biblionumber=39617
_yKatalog online BPK